书目信息 |
| 题名: |
刘邓大军风云录
|
|
| 作者: | 杨国宁 , 李鞍明 , 陈斐琴 , 王伟 编 | |
| 分册: | 上册 | |
| 出版信息: | 北京 北京日报出版社 1983.09 |
|
| 页数: | 285页 | |
| 开本: | 20cm | |
| 丛书名: | ||
| 单 册: | ||
| 中图分类: | K266.6 | |
| 科图分类: | ||
| 主题词: | 第三次国共革命战争战役战斗--历史 | |
| 电子资源: | ||
| ISBN: | ||
| 000 | 00635nam0 2200229 45 | |
| 001 | 0210160863 | |
| 005 | 20060727085049.68 | |
| 010 | @dCNY1.15 | |
| 091 | @a10132.021 | |
| 100 | @a20021016d1983 km y0chiy0120 ea | |
| 101 | 0 | @achi |
| 200 | 1 | @a刘邓大军风云录@ALiu Deng Da Jun Feng Yun Lu@h上册@f杨国宁等编@FYang Guo Ning Deng Bian |
| 210 | @a北京@c北京日报出版社@d1983.09 | |
| 215 | @a285页@d20cm | |
| 606 | 0 | @a第三次国共革命战争战役战斗@x历史 |
| 690 | @aK266.6@v3 | |
| 701 | 0 | @a杨国宁@4编 |
| 701 | 0 | @a李鞍明@4编 |
| 701 | 0 | @a陈斐琴@4编 |
| 701 | 0 | @a王伟@4编 |
| 801 | @aCN@bTSTC@c20060727 | |
| 905 | @dK266.6@e11:1@b144990@f1 | |
| 刘邓大军风云录.上册/杨国宁等编.-北京:北京日报出版社,1983.09 |
| 285页;20cm |
| ISBN :CNY1.15 |
| ● |
| 相关链接 |
|
|
|
|
正题名:刘邓大军风云录
索取号:K266.6/11:1
 
预约/预借
| 序号 | 登录号 | 条形码 | 馆藏地/架位号 | 状态 | 备注 |
| 1 | 0108186 | 001716352 | 密集书库/ [索取号:K266.6/11:1] | 在馆 | |
| 2 | 0108187 | 001726671 | 密集书库/ [索取号:K266.6/11:1] | 在馆 | |
| 3 | 0108188 | 001716192 | 密集书库/ [索取号:K266.6/11:1] | 在馆 | |
| 4 | 0144891 | 001716236 | 密集书库/ [索取号:K266.6/11:1] | 在馆 | |
| 5 | 0144990 | 002034033 | 第二借阅区/ [索取号:K266.6/11:1] | 在馆 | |
| 6 | 0144992 | 000354039 | 第二借阅区/ [索取号:K266.6/11:1] | 在馆 | |
| 7 | 0144993 | 202204701 | 密集书库/ [索取号:K266.6/11:1] | 在馆 | |
| 8 | 0144994 | 000554002 | 第二样本阅览室/ [索取号:K266.6/11:1] | 在馆 | |
| 9 | 0436564 | 204365640 | 密集书库/ [索取号:K266.6/11:1] | 在馆 |